Guess My Country #3 - Statistics

General Stats
  • This quiz has been taken 76 times
  • The average score is 6 of 10
Answer Stats
Hint Country Letter % Correct
I have the largest Jewish population Israel I
98%
I border the most other countries in the world Russia/China A
88%
I am the largest country in Scandinavia (not including territories) Sweden N
80%
I am the only country whose capital starts with a U Mongolia M
64%
I am the largest country completely surronded by another country Lesotho O
61%
I am the only country besides Netherlands with Dutch as the sole official language Suriname E
55%
I am home to the African Union Headquarters Ethiopia A
47%
I have the islands of Krk and Hvar Croatia C
44%
I am home to the lowest point in Africa Djibouti D
33%
My country is... Macedonia
20%
No matching quizzes found
Score Distribution
Percent of People with Each Score
Percentile by Number Answered
Your Score History
You have not taken this quiz